000 00528nam a2200169 i 4500
001 104041
003 ES-MaACL
005 20230906183510.0
007 t|
008 051122s1934 fr ||||1| fre d
100 1 _aMeunier, Mario.
_980758
245 1 3 _aLa legende dorée des dieux et des héros /
_cMario Meunier.
260 _aParis :
_bBruges,
_c1934.
300 _a2 v. ;
_c19 cm.
505 8 _aContiene: I.--Les dieuxe et les Héros.- II.--Les légendes epiques de la Grece et de Rome
852 _aES-MaACL
_jA-3200-201
999 _c104041
_d104041